01177nam a2200313 i 4500003001000000005001700010007000300027008004100030020001800071040003500089041000800124043001200132082001600144100003900160245009700199250002300296264004700319300006200366336002700428337003300455338002800488500005700516521004400573650005900617650004400676650006000720650004700780700003600827CO-BoRNBP20250226092732.0ta231128s2023 ck er ||0 ||spa | a9789585472938 aCO-BoRNBPbspaerdacCO-BoRNBP0 hspa 0s-ck---04a364 bM67f1 aMora, Carlos Eduardod1983-eautor10aFalsos positivos bla verdad del cabo Mora /cCarlos Eduardo Mora y Guylaine Roujol Pérez aEdición especial 1aBogotá, ColombiabIcono Editorial c2023 a247 páginasbimágenes, mapas en blanco y negroc23 cm atextobtxt2rdacontent asin mediaciónbn2rdamedia avolumenbnc2rdacarrier aContiene bibliografía y anexos al final del libro. aRecomendado para un público adulto 17aFalsos positivos (Conflicto armado) zColombia2ARMARC17aVíctimas de guerra yColombia2ARMARC17aCrímenes en contra de la humanidad zColombia2ARMARC17aEnjuiciamiento maliciosozColombia2ARMARC1 aRoujol Pérez, Guylaineeautor